Machine tool design (Record no. 21093)

000 -LEADER
fixed length control field 00517nam a22002177a 4500
001 - CONTROL NUMBER
control field 21093
003 - CONTROL NUMBER IDENTIFIER
control field BD-DhUET
008 - FIXED-LENGTH DATA ELEMENTS--GENERAL INFORMATION
fixed length control field 150415b xxu||||| |||| 00| 0 eng d
040 ## - CATALOGING SOURCE
Original cataloging agency DLC
Transcribing agency DLC
Modifying agency BD-DhUET
082 ## - DEWEY DECIMAL CLASSIFICATION NUMBER
Classification number 621.9
Item number ACH/1969
100 ## - MAIN ENTRY--PERSONAL NAME
Personal name Fedotyonok, A.
245 ## - TITLE STATEMENT
Title Machine tool design
250 ## - EDITION STATEMENT
Edition statement 1st ed.
260 ## - PUBLICATION, DISTRIBUTION, ETC. (IMPRINT)
Place of publication, distribution, etc. Moscow
Name of publisher, distributor, etc. Mir Publishers
Date of publication, distribution, etc. 1969
300 ## - PHYSICAL DESCRIPTION
Extent 380p.
Other physical details ill.
500 ## - GENERAL NOTE
General note Vol. 2
650 #0 - SUBJECT ADDED ENTRY--TOPICAL TERM
Topical term or geographic name as entry element Machine tool, Design
700 ## - ADDED ENTRY--PERSONAL NAME
Personal name Yermakov, V.
700 ## - ADDED ENTRY--PERSONAL NAME
Personal name Acherkan, N.
942 ## - ADDED ENTRY ELEMENTS (KOHA)
Koha item type General Book
Holdings
Koha item type Date acquired Koha full call number Copy number Withdrawn status Damaged status Piece designation (barcode) Sublocation or collection (holding branch) Shelving location Koha normalized classification for sorting Source of classification or shelving scheme Price effective from Location (home branch) Not for loan Koha date last seen Lost status
General Book2015-04-15621.9/ACH/19691  42900Central Library, BUETCirculation section621_900000000000000_ACH_1969 2015-04-15Central Library, BUET 2015-04-15 
General Book2015-04-15621.9/ACH/19692  42901Central Library, BUETCirculation section621_900000000000000_ACH_1969 2015-04-15Central Library, BUET 2017-02-06 
General Book2015-04-15621.9/ACH/19693  42902Central Library, BUETCirculation section621_900000000000000_ACH_1969 2015-04-15Central Library, BUET 2017-02-06 
General Book2015-04-15621.9/ACH/19694  42903Central Library, BUETCirculation section621_900000000000000_ACH_1969 2015-04-15Central Library, BUET 2017-01-08 
General Book2015-04-15621.9/ACH/19695  42904Central Library, BUETCirculation section621_900000000000000_ACH_1969 2015-04-15Central Library, BUET 2017-02-11